| 000 | 01957nam a2200217Ia 4500 | ||
|---|---|---|---|
| 003 | Ost | ||
| 005 | 20260416102402.0 | ||
| 008 | 260416s9999||||xx |||||||||||||| ||und|| | ||
| 040 | _cfsecg | ||
| 041 | _aara | ||
| 082 | _a4 | ||
| 100 |
_aمهدي، سارة _eمؤلف |
||
| 245 | 0 |
_aمطبوعة حول برنامج مقياس إعلام آلي : _bدروس وتمارين / _c سارة مهدي |
|
| 260 |
_aالجزائر _bجامعة الجزائر3: كلية العلوم الإقتصادية، العلوم التجارية وعلوم التسيير _c2024 |
||
| 300 |
_a110 ورقة _bايضاحات _c12 سم |
||
| 504 | _aالمراجع ص.110 | ||
| 520 | _aتتناول هذه المطبوعة مقدمة شاملة لقواعد البيانات ونظم المعلومات، بدءًا من التعريف بمفاهيمها الأساسية وتاريخها وأهميتها وصولاً إلى تصميم قواعد البيانات باستخدام طريقة MERISE. كما تتعمق في شرح برنامج مايكروسوفت أكسس، أحد أشهر برامج إدارة قواعد البيانات، مع شرح تفصيلي لكيفية إنشاء الجداول والعلاقات والاستعلامات والنماذج والتقارير. بالإضافة إلى ذلك، تقدم المطبوعة مقدمة إلى لغة الاستعلام الهيكلية SQL، وهي اللغة القياسية للتفاعل مع قواعد البيانات، مع شرح أوامرها المختلفة وأمثلة تطبيقية. وأخيرًا، تتطرق إلى لغة البرمجة Visual Basic، موضحًة كيفية استخدامها في تطوير تطبيقات قواعد البيانات. | ||
| 653 | _aالاعلام الآلي | ||
| 710 |
_aجامعة الجزائر3: كلية العلوم الإقتصادية، العلوم التجارية وعلوم التسيير _eناشر علمي |
||
| 942 | _cHANDOUT | ||
| 999 |
_c41451 _d41451 |
||